000 00542nam a2200217Ia 4500
008 101110s9999 xx 000 0 und d
041 _aENGLISH
082 _bSR24742
100 _aAjagaonkar Parag & Patkar Anjali
245 _aMarketing & finance SYBCom
260 _c2003
_bSheth Publisher, Mumbai
300 _a390
365 _b100
520 _aCommerce
546 _aENGLISH
630 _aMarketing & finance SYBCom
650 _aCommerce
655 _aCommerce
730 _aMarketing & finance SYBCom
942 _cBOOK
999 _c817409
_d817406